<?xml version="1.0" encoding="UTF-8"?>
<record
    xmlns:xsi="http://www.w3.org/2001/XMLSchema-instance"
    xsi:schemaLocation="http://www.loc.gov/MARC21/slim http://www.loc.gov/standards/marcxml/schema/MARC21slim.xsd"
    xmlns="http://www.loc.gov/MARC21/slim">

  <leader>00938na  a2200289   4500</leader>
  <controlfield tag="001">14074</controlfield>
  <controlfield tag="003">MIRAKIL</controlfield>
  <controlfield tag="005">20181213155028.0</controlfield>
  <controlfield tag="008">160908b        tu            000 0      </controlfield>
  <datafield tag="020" ind1=" " ind2=" ">
    <subfield code="a">9786053993582</subfield>
  </datafield>
  <datafield tag="035" ind1=" " ind2=" ">
    <subfield code="a">14074</subfield>
  </datafield>
  <datafield tag="040" ind1=" " ind2=" ">
    <subfield code="a">Milas</subfield>
    <subfield code="b">tur</subfield>
    <subfield code="c">TR-AnCHP</subfield>
  </datafield>
  <datafield tag="082" ind1=" " ind2=" ">
    <subfield code="a">923.7 Ate&#x15F;,T.</subfield>
    <subfield code="b">S86 2014</subfield>
  </datafield>
  <datafield tag="090" ind1=" " ind2=" ">
    <subfield code="a">923.7 Ate&#x15F;,T. S86 2014</subfield>
  </datafield>
  <datafield tag="245" ind1=" " ind2=" ">
    <subfield code="a">Suri&#xE7;i'nde bir ya&#x15F;am</subfield>
    <subfield code="b">Toktam&#x131;&#x15F; Ate&#x15F;'e arma&#x11F;an</subfield>
    <subfield code="c">yay&#x131;na haz&#x131;rlayan Fahri Aral</subfield>
  </datafield>
  <datafield tag="246" ind1=" " ind2=" ">
    <subfield code="a">Toktam&#x131;&#x15F; Ate&#x15F;'e arma&#x11F;an</subfield>
  </datafield>
  <datafield tag="260" ind1=" " ind2=" ">
    <subfield code="a">&#x130;stanbul</subfield>
    <subfield code="b">&#x130;stanbul &#xDC;niversitesi Yay&#x131;nlar&#x131;</subfield>
    <subfield code="c">2014</subfield>
  </datafield>
  <datafield tag="300" ind1=" " ind2=" ">
    <subfield code="a">557 s.</subfield>
    <subfield code="b">res. </subfield>
    <subfield code="c">24 sm.</subfield>
  </datafield>
  <datafield tag="490" ind1=" " ind2=" ">
    <subfield code="a">Arma&#x11F;an</subfield>
    <subfield code="v">3</subfield>
  </datafield>
  <datafield tag="490" ind1=" " ind2=" ">
    <subfield code="a">&#x130;stanbul Bilgi &#xDC;niversitesi yay&#x131;nlar&#x131;</subfield>
    <subfield code="v">485</subfield>
  </datafield>
  <datafield tag="600" ind1=" " ind2=" ">
    <subfield code="a">Ate&#x15F;, Toktam&#x131;&#x15F;</subfield>
    <subfield code="x">Ya&#x15F;am&#xF6;yk&#xFC;s&#xFC; </subfield>
  </datafield>
  <datafield tag="600" ind1=" " ind2=" ">
    <subfield code="a">Ate&#x15F;, Toktam&#x131;&#x15F;</subfield>
    <subfield code="x">Arma&#x11F;an kitaplar</subfield>
  </datafield>
  <datafield tag="650" ind1=" " ind2=" ">
    <subfield code="a">E&#x11F;itimciler</subfield>
    <subfield code="x">An&#x131;lar</subfield>
    <subfield code="z">T&#xFC;rkiye</subfield>
  </datafield>
  <datafield tag="650" ind1=" " ind2=" ">
    <subfield code="a">Tarih&#xE7;iler</subfield>
    <subfield code="x">An&#x131;lar</subfield>
    <subfield code="z">T&#xFC;rkiye</subfield>
  </datafield>
  <datafield tag="700" ind1=" " ind2=" ">
    <subfield code="a">Aral, Fahri</subfield>
  </datafield>
  <datafield tag="942" ind1=" " ind2=" ">
    <subfield code="2">dcc</subfield>
    <subfield code="c">BKS</subfield>
  </datafield>
  <datafield tag="952" ind1=" " ind2=" ">
    <subfield code="a">0001</subfield>
    <subfield code="b">0001</subfield>
    <subfield code="d">2016-08-23</subfield>
    <subfield code="e">2</subfield>
    <subfield code="l">0</subfield>
    <subfield code="o">923.7 Ate&#x15F;,T. S86 2014</subfield>
    <subfield code="p">001929</subfield>
    <subfield code="r">2016-08-23 00:00:00</subfield>
    <subfield code="v">0.00</subfield>
    <subfield code="w">2016-08-23</subfield>
    <subfield code="y">BKS</subfield>
  </datafield>
  <datafield tag="999" ind1=" " ind2=" ">
    <subfield code="c">5124</subfield>
    <subfield code="d">5124</subfield>
  </datafield>
</record>
